000 00370nam a2200145 i 4500
001 bg
100 1 _aPHILIPPOW, H.
245 0 _aTaschenbuch Elektrotechnik.
_nBd. 2,
_pStarkstromtechnik /
_cH. Philippow.
250 _a2 durchgesehene Auflage.
260 _aBerlin,
_c1966.
040 _cBPK
041 _apol
942 _cKS
008 s pl f |000 0 pol
999 _c8749
_d8749
856 _uhttp://koha.tu.koszalin.pl/cgi-bin/koha/opac-detail.pl?biblionumber=8749
_yKatalog online BPK